[Event "European Blitz 2016"]
[Site "Tallinn EST"]
[Date "2016.12.18"]
[Round "25.14"]
[White "Ponomariov, Ruslan"]
[Black "Sychev, Klementy"]
[Result "1/2-1/2"]
[WhiteTitle "GM"]
[BlackTitle "IM"]
[WhiteElo "2709"]
[BlackElo "2453"]
[WhiteFideId "14103320"]
[BlackFideId "4114060"]
[EventDate "2016.12.17"]

1. e4 e5 2. Nf3 Nc6 3. Bc4 Nf6 4. d3 Bc5 5. a4 a6 6. c3 Ba7 7. Bg5 d6 8. Nbd2 h6
9. Bh4 g5 10. Bg3 O-O 11. O-O Nh7 12. b4 h5 13. h3 h4 14. Bh2 g4 15. hxg4 Bxg4
16. Kh1 Qf6 17. Qe1 h3 18. Ng1 hxg2+ 19. Kxg2 Kh8 20. f4 Rg8 21. Kh1 Qg6 22. Qg3
Qh5 23. Ndf3 Rg7 24. Qh4 exf4 25. Qxh5 Bxh5 26. Bxf4 Bxg1 27. Nxg1 Rag8 28. Ra2
Ne5 29. Bxe5 dxe5 30. Rh2 Rxg1+ 31. Rxg1 Bf3+ 32. Rgg2 Rxg2 33. Rxg2 Ng5 34. Kg1
Bxg2 35. Kxg2 Kg7 36. a5 c6 37. Bb3 Kf6 38. Kg3 Ke7 39. Kg4 f6 40. Bd1 Ne6 41.
Kf3 c5 42. Ke3 cxb4 43. cxb4 Kd6 44. Kd2 Nd4 45. Kc3 Nb5+ 46. Kc4 Na3+ 47. Kc3
Nb5+ 48. Kc4 Na3+ 49. Kc3 Nb5+ 50. Kc4 1/2-1/2

[Event "European Blitz 2016"]
[Site "Tallinn EST"]
[Date "2016.12.18"]
[Round "25.15"]
[White "Meskovs, Nikita"]
[Black "Onischuk, Vladimir"]
[Result "0-1"]
[WhiteTitle "IM"]
[BlackTitle "GM"]
[WhiteElo "2489"]
[BlackElo "2601"]
[WhiteFideId "11602740"]
[BlackFideId "14114038"]
[EventDate "2016.12.17"]

1. Nf3 g6 2. d4 Bg7 3. g3 d6 4. Bg2 Nf6 5. O-O O-O 6. c4 Nc6 7. Nc3 e5 8. e3 Re8
9. b3 exd4 10. exd4 Ne4 11. Nd5 Bg4 12. Bb2 Ng5 13. h4 Ne6 14. Re1 Ncxd4 15.
Bxd4 Nxd4 16. Rxe8+ Qxe8 17. Nxc7 Qb8 18. Nxa8 Nxf3+ 19. Bxf3 Bxf3 20. Qxf3 Bxa1 0-1

[Event "European Blitz 2016"]
[Site "Tallinn EST"]
[Date "2016.12.18"]
[Round "25.16"]
[White "Kovalenko, Igor"]
[Black "Agrest, Evgenij"]
[Result "1-0"]
[WhiteTitle "GM"]
[BlackTitle "GM"]
[WhiteElo "2684"]
[BlackElo "2593"]
[WhiteFideId "14117908"]
[BlackFideId "1705024"]
[EventDate "2016.12.17"]

1. c4 e5 2. Nc3 d6 3. g3 f5 4. Bg2 Be7 5. b4 Nf6 6. d3 O-O 7. Nf3 a5 8. b5 Nbd7
9. Ba3 Nc5 10. O-O Ne6 11. e3 Qe8 12. Rc1 Kh8 13. Nd5 Bd8 14. Re1 Nc5 15. Bxc5
dxc5 16. a4 c6 17. Nc3 Bc7 18. Nd2 Be6 19. Nb3 Bd6 20. f4 Bd7 21. Rc2 Qe7 22.
Rb2 Rfe8 23. Rbe2 Qf7 24. Nd2 Rad8 25. Nf3 e4 26. Ng5 Qe7 27. dxe4 fxe4 28. Qxd6 1-0

[Event "European Blitz 2016"]
[Site "Tallinn EST"]
[Date "2016.12.18"]
[Round "25.17"]
[White "Lobanov, Sergei"]
[Black "Kozul, Zdenko"]
[Result "1-0"]
[BlackTitle "GM"]
[WhiteElo "2429"]
[BlackElo "2613"]
[WhiteFideId "24183750"]
[BlackFideId "14502879"]
[EventDate "2016.12.17"]

1. e4 c5 2. Nf3 d6 3. d4 cxd4 4. Nxd4 Nf6 5. Nc3 Nc6 6. Bg5 e6 7. Qd2 a6 8.
O-O-O Bd7 9. f4 b5 10. Qe1 Nxd4 11. Rxd4 Qb6 12. Qd2 Bc6 13. Be2 b4 14. Nd5 exd5
15. exd5 Bb5 16. Bxf6 gxf6 17. Rxb4 Qc5 18. Re1 Kd8 19. a3 f5 20. Bxb5 axb5 21.
Qe2 Kc7 22. Rxb5 Qd4 23. Rb4 Qa7 24. Qb5 Bh6 25. Re7+ 1-0

[Event "European Blitz 2016"]
[Site "Tallinn EST"]
[Date "2016.12.18"]
[Round "25.18"]
[White "Ruck, Robert"]
[Black "Ladva, Ottomar"]
[Result "1-0"]
[WhiteTitle "GM"]
[BlackTitle "GM"]
[WhiteElo "2561"]
[BlackElo "2510"]
[WhiteFideId "705713"]
[BlackFideId "4500024"]
[EventDate "2016.12.17"]

1. Nf3 Nf6 2. c4 e6 3. Nc3 d5 4. d4 c5 5. cxd5 Nxd5 6. e4 Nxc3 7. bxc3 cxd4 8.
cxd4 Bb4+ 9. Bd2 Bxd2+ 10. Qxd2 O-O 11. Rc1 b6 12. Bd3 Bb7 13. O-O Nc6 14. Qe3
Rc8 15. Rfd1 Qe7 16. d5 exd5 17. exd5 Qxe3 18. fxe3 Nb4 19. Rxc8 Rxc8 20. Bf5
Rd8 21. e4 Nxa2 22. Ra1 g6 23. Bg4 Nc3 24. Rxa7 Rb8 25. Nd2 Kf8 26. Bf3 Nb5 27.
Ra1 Nd4 28. Rb1 Bc8 29. Kf2 Ke7 30. Ke3 Nxf3 31. gxf3 g5 32. Kd4 f6 33. Rb4 b5
34. e5 fxe5+ 35. Kxe5 Bd7 36. Ne4 h6 37. Nc5 Rc8 38. d6+ Ke8 39. Kd5 Bc6+ 40.
Ke6 Kf8 41. d7 Bxd7+ 42. Nxd7+ Kg7 43. Rxb5 Rc3 44. Ne5 h5 45. Kf5 Rc2 46. Kxg5
Rxh2 47. Rb7+ Kg8 48. Ng6 Ra2 49. Kh6 1-0

[Event "European Blitz 2016"]
[Site "Tallinn EST"]
[Date "2016.12.18"]
[Round "25.19"]
[White "Zelbel, Patrick"]
[Black "Krutti, Valer"]
[Result "1-0"]
[WhiteTitle "IM"]
[BlackTitle "IM"]
[WhiteElo "2448"]
[BlackElo "2361"]
[WhiteFideId "24624322"]
[BlackFideId "706248"]
[EventDate "2016.12.17"]

1. e4 c6 2. Nf3 d5 3. Nc3 a6 4. Be2 Bg4 5. h3 Bh5 6. O-O e6 7. d3 Nf6 8. Bf4 Be7
9. a3 c5 10. exd5 Nxd5 11. Nxd5 Qxd5 12. Ne5 Bxe2 13. Qxe2 O-O 14. Qe4 Rd8 15.
Rad1 Bf6 16. Nc4 Nd7 17. c3 Be7 18. Rfe1 Nf6 19. Qe2 Qc6 20. Ne5 Qa4 21. Bg3 Qe8
22. Qf3 1-0

[Event "European Blitz 2016"]
[Site "Tallinn EST"]
[Date "2016.12.18"]
[Round "25.20"]
[White "Munoz, Miguel"]
[Black "Skytte, Rasmus"]
[Result "1-0"]
[WhiteTitle "GM"]
[BlackTitle "IM"]
[WhiteElo "2473"]
[BlackElo "2390"]
[WhiteFideId "3800229"]
[BlackFideId "1404210"]
[EventDate "2016.12.17"]

1. e4 g6 2. g3 Bg7 3. Bg2 e6 4. c4 Ne7 5. Nc3 O-O 6. d4 d5 7. cxd5 exd5 8. exd5
Nd7 9. Nge2 Nb6 10. Bg5 h6 11. Bxe7 Qxe7 12. O-O Bg4 13. Re1 Qb4 14. Qb3 Qxb3
15. axb3 Rfd8 16. d6 Rxd6 17. Bxb7 Re8 18. d5 Bf3 19. Bc6 Re5 20. Nf4 Rxe1+ 21.
Rxe1 Bxc3 22. bxc3 Nxd5 23. Bxd5 Bxd5 24. Nxd5 Rxd5 25. Re8+ Kg7 26. Rc8 Rc5 27.
c4 a5 28. Ra8 Kf6 29. Kf1 Ke6 30. Ke2 Kd6 31. Ra6+ c6 32. Ra7 Rf5 33. f4 h5 34.
Ke3 Ke6 35. h3 Kd6 36. g4 hxg4 37. hxg4 Rf6 38. g5 Rf5 39. Ke4 Ke6 40. Ra8 Kd6
41. Ra7 Ke6 42. Ra6 Kd6 43. Ra8 Ke6 44. Rd8 Ke7 45. Rd3 f6 46. gxf6+ Rxf6 47.
Kd4 Rd6+ 48. Ke4 Rxd3 49. Kxd3 c5 50. Ke4 Ke6 51. Ke3 Kf5 52. Kf3 Kf6 53. Kg4
Kg7 54. Kg5 Kf7 55. f5 gxf5 56. Kxf5 1-0

[Event "European Blitz 2016"]
[Site "Tallinn EST"]
[Date "2016.12.18"]
[Round "25.21"]
[White "Naiditsch, Arkadij"]
[Black "Zubritskiy, Artyom"]
[Result "1-0"]
[WhiteTitle "GM"]
[BlackTitle "IM"]
[WhiteElo "2687"]
[BlackElo "2442"]
[WhiteFideId "4650891"]
[BlackFideId "4181247"]
[EventDate "2016.12.17"]

1. e4 c5 2. Nf3 d6 3. Nc3 Nf6 4. d4 cxd4 5. Qxd4 Nc6 6. Bb5 Bd7 7. Qd3 e6 8. Bf4
a6 9. Bxc6 Bxc6 10. O-O-O Qb6 11. Nd4 Rc8 12. Nxc6 Rxc6 13. e5 dxe5 14. Bxe5 Be7
15. Bxf6 Bxf6 16. Qd7+ Kf8 17. Rd3 g6 18. Rf3 Kg7 19. Rxf6 Kxf6 20. Rd1 Kg7 21.
Ne4 Qc7 22. Qd4+ e5 23. Qd3 Qe7 24. c3 f5 25. Nd6 Rf8 26. Kb1 Rf6 27. Nc4 Rfe6
28. g3 b5 29. Na5 Rcd6 30. Qc2 Rxd1+ 31. Qxd1 Rd6 32. Qe2 e4 33. Nb3 Qe6 34. Nd4
Qc4 35. Qe3 b4 36. Qg5 Qf7 1-0

[Event "European Blitz 2016"]
[Site "Tallinn EST"]
[Date "2016.12.18"]
[Round "25.22"]
[White "Kobalia, Mikhail"]
[Black "Castellanos Rodriguez, Renier"]
[Result "0-1"]
[WhiteTitle "GM"]
[BlackTitle "IM"]
[WhiteElo "2628"]
[BlackElo "2491"]
[WhiteFideId "4119150"]
[BlackFideId "3404650"]
[EventDate "2016.12.17"]

1. e4 c5 2. Nf3 d6 3. Bb5+ Bd7 4. Bxd7+ Nxd7 5. O-O Ngf6 6. Re1 e6 7. c3 Be7 8.
d3 O-O 9. Nbd2 Qc7 10. Nf1 b5 11. Ng3 Rac8 12. h3 a5 13. a4 b4 14. c4 Ne5 15. b3
Nfd7 16. Bb2 Bf6 17. Nxe5 Bxe5 18. d4 cxd4 19. Bxd4 Nc5 20. Re3 g6 21. Ne2 Qc6
22. f4 Rfd8 23. Qd2 Qb6 24. Kh1 Bxd4 25. Qxd4 e5 26. Qd2 Qc6 27. Qc2 Re8 28. Rf1
exf4 29. Rxf4 f5 30. Nd4 Qd7 31. Nxf5 gxf5 32. Rxf5 Qxf5 33. exf5 Rxe3 34. Qd2
Rce8 35. Qxd6 Ne4 36. Qd5+ Kf8 37. Kh2 Nf6 38. Qd6+ Kf7 39. c5 R8e7 40. c6 Rc3
41. Kg1 h5 42. Kh2 h4 43. Kg1 Rc1+ 44. Kh2 Ree1 45. Qc7+ Kg8 46. Qb8+ Kg7 47.
Qc7+ Kf8 48. Qb8+ Ne8 0-1

[Event "European Blitz 2016"]
[Site "Tallinn EST"]
[Date "2016.12.18"]
[Round "25.23"]
[White "Sarana, Alexey"]
[Black "Dzhumagaliev, Yan"]
[Result "1-0"]
[WhiteTitle "IM"]
[BlackTitle "FM"]
[WhiteElo "2457"]
[BlackElo "2400"]
[WhiteFideId "24133795"]
[BlackFideId "24100110"]
[EventDate "2016.12.17"]

1. Nf3 d5 2. d4 Nc6 3. c4 Bg4 4. cxd5 Bxf3 5. dxc6 Bxc6 6. Nc3 e6 7. Bf4 Nf6 8.
e3 a6 9. f3 Nh5 10. Bg3 Nxg3 11. hxg3 e5 12. d5 Bd7 13. Bd3 Qg5 14. Kf2 Bc5 15.
Qe2 f5 16. Rh4 b5 17. Rah1 h5 18. g4 g6 19. d6 cxd6 20. b4 Bb6 21. Nd5 Bd8 22.
gxf5 gxf5 23. g3 Be6 24. f4 Qg6 25. Rxh5 Rxh5 26. Rxh5 Bxd5 27. Bxf5 Qg7 28. Rh7
Qf6 29. Qh5+ Kf8 30. Rh6 Qg7 31. Rh8+ Bg8 32. Be6 Ke7 33. Rxg8 Qxg8 34. Bxg8 Kd7
35. Bd5 1-0

[Event "European Blitz 2016"]
[Site "Tallinn EST"]
[Date "2016.12.18"]
[Round "25.24"]
[White "Plat, Vojtech"]
[Black "Martinovic, Sasa"]
[Result "1-0"]
[WhiteTitle "IM"]
[BlackTitle "GM"]
[WhiteElo "2532"]
[BlackElo "2550"]
[WhiteFideId "325740"]
[BlackFideId "14509792"]
[EventDate "2016.12.17"]

1. d4 c5 2. Nf3 cxd4 3. Nxd4 d5 4. e3 e5 5. Nb3 Nc6 6. Be2 Nf6 7. O-O Be7 8.
N1d2 O-O 9. c4 d4 10. exd4 exd4 11. Nf3 Bf5 12. Nbxd4 Nxd4 13. Nxd4 Bg6 14. Be3
a6 15. Bf3 Qc7 16. Qb3 Rab8 17. Rac1 Ne4 18. Bxe4 Bxe4 19. f3 Bg6 20. c5 Bxc5
21. Nf5 Bxe3+ 22. Qxe3 Qa5 23. Ne7+ Kh8 24. Nxg6+ hxg6 25. a3 Rfe8 26. Qf2 Kg8
27. h3 Re5 28. Rce1 Rbe8 29. Rxe5 Qxe5 30. Rd1 a5 31. Rd4 b5 32. Re4 Qb8 33.
Rxe8+ Qxe8 34. Qc5 a4 35. Kh2 Kh7 36. h4 Qe2 37. Qd4 f6 38. Qb4 Qe5+ 39. Kg1 g5
40. hxg5 Qxg5 41. Qe4+ Kh6 42. Qb4 Qe3+ 43. Kh2 Qe5+ 44. Kg1 Kg6 45. Qg4+ Kf7
46. Qd7+ Kg6 47. Qg4+ Kh7 48. Qh3+ Kg6 49. Qg4+ Qg5 50. Qe4+ Qf5 51. Qe8+ Kh7
52. Qe2 Qc5+ 53. Kf1 g5 54. Qd2 Kg6 55. Qd3+ Qf5 56. Ke2 Qxd3+ 57. Kxd3 Kf5 58.
g3 Ke5 59. Ke3 f5 60. Kd3 Kd5 61. Kc3 Kc5 62. Kd3 b4 63. g4 f4 64. Ke4 bxa3 65.
bxa3 Kc4 66. Kf5 Kb3 67. Kxg5 Kxa3 68. Kxf4 Kb4 69. g5 a3 70. g6 a2 71. g7 a1=Q
72. g8=Q Qd4+ 73. Kf5 Qd3+ 74. Kg4 Qd4+ 75. Kh3 Qd7+ 76. Kg3 Qd6+ 77. f4 Qd3+
78. Kh4 Kc5 79. Qc8+ Kb6 80. Kg5 Qg3+ 81. Qg4 Qe3 82. Kg6 Kc7 83. f5 Qe8+ 84.
Kh7 Kd6 85. Qg6+ Ke5 86. Qxe8+ 1-0

[Event "European Blitz 2016"]
[Site "Tallinn EST"]
[Date "2016.12.18"]
[Round "25.25"]
[White "Grigoriants, Sergey"]
[Black "Kazakovskiy, Valeriy"]
[Result "0-1"]
[WhiteTitle "GM"]
[BlackTitle "IM"]
[WhiteElo "2563"]
[BlackElo "2430"]
[WhiteFideId "4130804"]
[BlackFideId "13507443"]
[EventDate "2016.12.17"]

1. e4 e5 2. Nf3 Nc6 3. Bb5 a6 4. Ba4 Nf6 5. O-O Be7 6. Re1 b5 7. Bb3 O-O 8. d3
d6 9. a3 Be6 10. Bxe6 fxe6 11. Nbd2 h6 12. Nf1 Qe8 13. Ng3 Qf7 14. c3 g5 15. h3
Qg6 16. a4 g4 17. Nh4 Qg7 18. axb5 gxh3 19. bxc6 h2+ 20. Kh1 Ng4 21. Be3 Bxh4
22. Qe2 Rf7 23. d4 Raf8 24. Rf1 Nxe3 25. Qxe3 Bxg3 0-1

[Event "European Blitz 2016"]
[Site "Tallinn EST"]
[Date "2016.12.18"]
[Round "25.26"]
[White "Kulaots, Kaido"]
[Black "Putka, Verners"]
[Result "1-0"]
[WhiteTitle "GM"]
[WhiteElo "2556"]
[BlackElo "2307"]
[WhiteFideId "4500261"]
[BlackFideId "11600659"]
[EventDate "2016.12.17"]

1. e4 e5 2. Nf3 Nf6 3. Nxe5 d6 4. Nf3 Nxe4 5. d4 d5 6. Bd3 Nc6 7. O-O Be7 8. c4
Nb4 9. Be2 O-O 10. Nc3 Be6 11. Ne5 f6 12. Nf3 Kh8 13. a3 Nxc3 14. bxc3 Nc6 15.
cxd5 Bxd5 16. Re1 Rb8 17. Bd3 b5 18. Nh4 Bf7 19. Qf3 Rb6 20. Qh3 Kg8 21. Bh6 g6
22. Bxf8 Bxf8 23. Qf3 Na5 24. g3 Nc4 25. a4 a6 26. axb5 axb5 27. Ra8 Qd6 28. Qg4
Ra6 29. Nf5 Qc6 30. Ne7+ 1-0

[Event "European Blitz 2016"]
[Site "Tallinn EST"]
[Date "2016.12.18"]
[Round "25.27"]
[White "Potkin, Vladimir"]
[Black "Brodowski, Piotr"]
[Result "0-1"]
[WhiteTitle "GM"]
[BlackTitle "IM"]
[WhiteElo "2597"]
[BlackElo "2444"]
[WhiteFideId "4131061"]
[BlackFideId "1124480"]
[EventDate "2016.12.17"]

1. c4 c5 2. Nf3 g6 3. e3 Bg7 4. d4 Nf6 5. Nc3 O-O 6. Be2 b6 7. O-O Bb7 8. d5 d6
9. e4 Na6 10. Re1 Nc7 11. Be3 h6 12. Qd2 Kh7 13. Rad1 Ng4 14. Bf4 Ne5 15. Nxe5
dxe5 16. Be3 Ne8 17. Rb1 Nd6 18. b4 cxb4 19. Rxb4 Rc8 20. Reb1 Ba6 21. Ra4 Bxc4
22. Rxa7 Bxe2 23. Nxe2 Nxe4 24. Qd1 Nf6 25. Bxb6 Qxd5 26. a4 Qe6 27. a5 Nd5 28.
g3 Rb8 29. Qb3 Rfc8 30. Rd1 Rd8 31. Qb1 Rd6 32. Ra6 Nxb6 33. axb6 Rdxb6 34. Rxb6
Qxb6 35. Qxb6 Rxb6 36. Nc3 Rd6 37. Re1 Bf6 38. Ne4 Rc6 39. Rd1 Kg7 40. Rd7 Rc4
41. f3 Rc2 42. g4 Bh4 43. Rd5 f6 44. Rd7 Kf7 45. Ra7 Bg5 46. Rb7 Be3+ 47. Kh1
Bf4 48. h3 h5 49. gxh5 gxh5 50. Kg1 h4 51. Ra7 Be3+ 0-1

[Event "European Blitz 2016"]
[Site "Tallinn EST"]
[Date "2016.12.18"]
[Round "25.28"]
[White "Pohjala, Henri"]
[Black "Halkias, Stelios"]
[Result "1-0"]
[WhiteTitle "FM"]
[BlackTitle "GM"]
[WhiteElo "2382"]
[BlackElo "2585"]
[WhiteFideId "506478"]
[BlackFideId "4201809"]
[EventDate "2016.12.17"]

1. d4 Nf6 2. Bg5 d5 3. Bxf6 gxf6 4. e3 c5 5. dxc5 Nc6 6. Nd2 e6 7. Ngf3 Bxc5 8.
a3 Rg8 9. g3 f5 10. c4 dxc4 11. Bxc4 Qe7 12. Rc1 Bd7 13. b4 Bd6 14. O-O h5 15.
Re1 h4 16. Bf1 hxg3 17. hxg3 Rd8 18. Nc4 Bc7 19. Qb3 a6 20. Bg2 Kf8 21. Qb2 f4
22. exf4 Be8 23. Nce5 Bb6 24. Nxc6 Bxc6 25. Ng5 Rxg5 26. fxg5 Qxg5 27. Bxc6 Rd2
28. Qh8+ Ke7 29. Qe8+ Kf6 30. Rxe6+ fxe6 31. Qf8+ Ke5 32. Re1+ Kd4 33. Qh8+ Kd3
34. Be4+ Kc4 35. Rc1+ Kb3 36. Qc3+ Ka4 37. Bc2+ Rxc2 38. Qxc2+ Kb5 39. Qc4+ Ka4
40. b5+ Ka5 41. Qb4# 1-0

[Event "European Blitz 2016"]
[Site "Tallinn EST"]
[Date "2016.12.18"]
[Round "25.29"]
[White "Turov, Maxim"]
[Black "Gorodetzky, David"]
[Result "1-0"]
[WhiteTitle "GM"]
[BlackTitle "FM"]
[WhiteElo "2594"]
[BlackElo "2350"]
[WhiteFideId "4120086"]
[BlackFideId "2813416"]
[EventDate "2016.12.17"]

1. d4 e6 2. c4 Nf6 3. Nc3 Bb4 4. Qc2 d5 5. a3 Bxc3+ 6. Qxc3 Ne4 7. Qc2 c5 8.
dxc5 Nc6 9. e3 Qa5+ 10. Bd2 Nxd2 11. Qxd2 dxc4 12. Bxc4 Qxc5 13. Rc1 Qe7 14. Nf3
O-O 15. b4 e5 16. b5 e4 17. Nd4 Ne5 18. O-O Rd8 19. Qb4 Qf6 20. Be2 Bg4 21. Bxg4
Nxg4 22. h3 Ne5 23. Rc7 b6 24. Qe7 Qxe7 25. Rxe7 Nc4 26. Rc1 Nd6 27. Rcc7 a6 28.
a4 g6 29. g4 axb5 30. Nxb5 Rxa4 31. Nxd6 Rxd6 32. Rxf7 Ra2 33. Rg7+ Kf8 34. Rxh7
Kg8 35. Kg2 Rf6 36. Rcg7+ Kf8 37. Rb7 Raxf2+ 38. Kg3 Kg8 39. Rhe7 R2f3+ 40. Kh4
Rxe3 41. Kg5 Ref3 42. Rxe4 Rc6 43. h4 Kf8 44. Kh6 Rff6 45. Rd4 Rfd6 46. Rf4+ Rf6
47. Rxf6+ Rxf6 48. g5 Rc6 49. Kh7 Rd6 50. Rg7 b5 51. Rb7 Rd4 52. h5 gxh5 53. g6
Rg4 54. g7+ Rxg7+ 55. Rxg7 h4 56. Rb7 1-0

[Event "European Blitz 2016"]
[Site "Tallinn EST"]
[Date "2016.12.18"]
[Round "25.30"]
[White "Loginov, Valery A"]
[Black "Chigaev, Maksim"]
[Result "0-1"]
[WhiteTitle "GM"]
[BlackTitle "GM"]
[WhiteElo "2486"]
[BlackElo "2531"]
[WhiteFideId "4126297"]
[BlackFideId "4108116"]
[EventDate "2016.12.17"]

1. e4 g6 2. d4 Bg7 3. Nc3 a6 4. f4 d6 5. Nf3 b5 6. Bd3 Nd7 7. O-O c5 8. Be3 Ngf6
9. h3 cxd4 10. Bxd4 O-O 11. e5 Nh5 12. Ne2 Nxf4 13. Nxf4 dxe5 14. Be4 Rb8 15.
Ba7 exf4 16. Bxb8 Qb6+ 17. Kh1 Qxb8 18. c3 Nf6 19. Re1 Nh5 20. Qd2 e5 21. Bd5
Ng3+ 22. Kh2 h6 23. a4 Kh7 24. axb5 axb5 25. Ra8 Qc7 26. Qc2 Bf5 27. Qb3 Rxa8
28. Bxa8 e4 29. Qxb5 Qa7 0-1

[Event "European Blitz 2016"]
[Site "Tallinn EST"]
[Date "2016.12.18"]
[Round "25.31"]
[White "Neiksans, Arturs"]
[Black "Tregubov, Pavel V."]
[Result "0-1"]
[WhiteTitle "GM"]
[BlackTitle "GM"]
[WhiteElo "2631"]
[BlackElo "2585"]
[WhiteFideId "11601388"]
[BlackFideId "4115341"]
[EventDate "2016.12.17"]

1. d4 Nf6 2. Nc3 d5 3. Bf4 c5 4. e3 cxd4 5. exd4 a6 6. Qd2 Nc6 7. O-O-O Bf5 8.
Nf3 e6 9. Ne5 Bb4 10. f3 Nxe5 11. dxe5 Nd7 12. h4 h6 13. Bd3 Bxd3 14. Qxd3 Qa5
15. Bd2 Nxe5 16. Qd4 Nc4 17. Qxg7 O-O-O 18. Nb1 Nxd2 19. Nxd2 Qxa2 20. c3 Bc5
21. Qxf7 Rd6 22. Qg6 Rb6 23. Qb1 Qa4 24. Qc2 Qf4 25. Kb1 Rg8 26. Nb3 Be7 27. Nd4
Bf6 28. Rhe1 e5 29. Ne2 Qc4 30. Nc1 Kb8 31. Qd3 Qxd3+ 32. Nxd3 Rxg2 33. Rg1 Rh2
34. Rh1 Rxh1 35. Rxh1 e4 36. fxe4 dxe4 37. Nb4 Re6 38. Nd5 Bd8 39. Kc2 b5 40. b3
Kb7 41. Kd2 Kc6 42. Ne3 Rd6+ 43. Kc2 Rd3 44. Nf5 Bf6 45. Nxh6 Rxc3+ 46. Kd2 Rxb3
47. Ng4 Bd4 48. h5 Rb2+ 49. Kc1 Ra2 50. Rh3 Rg2 51. Nh2 Be5 52. h6 Rxh2 0-1

[Event "European Blitz 2016"]
[Site "Tallinn EST"]
[Date "2016.12.18"]
[Round "25.32"]
[White "Malakhov, Igor"]
[Black "Motylev, Alexander"]
[Result "0-1"]
[WhiteTitle "IM"]
[BlackTitle "GM"]
[WhiteElo "2454"]
[BlackElo "2663"]
[WhiteFideId "4183088"]
[BlackFideId "4121830"]
[EventDate "2016.12.17"]

1. e4 c5 2. Nf3 Nc6 3. d4 cxd4 4. Nxd4 Qb6 5. Nb3 Nf6 6. Nc3 e6 7. Be2 a6 8. O-O
Be7 9. Be3 Qc7 10. a4 b6 11. f4 d6 12. Qe1 O-O 13. Rc1 Re8 14. Qf2 Rb8 15. Nd4
Na5 16. Rcd1 Nc4 17. Bc1 Qc5 18. b3 Na5 19. Na2 Nc6 20. Bf3 Nxd4 21. Rxd4 Bb7
22. Be3 Qc7 23. Rc4 Qd7 24. Bxb6 Rec8 25. Rxc8+ Rxc8 26. Re1 d5 27. e5 Ne4 28.
Bxe4 dxe4 29. Be3 f6 30. exf6 Bxf6 31. c4 Rd8 32. Nc1 Ba8 33. a5 Qb7 34. Qe2 Qb4
35. Bb6 Rd2 36. Qe3 Qc3 37. Qxc3 Bxc3 38. Ne2 Bb4 39. Kf2 Rd3 40. Rb1 Bd2 41.
Ng3 e3+ 42. Ke2 Rc3 43. Nf1 Be4 44. Ra1 Bd3+ 45. Kf3 Rxb3 46. Nxe3 Bxc4 47. Rd1
Bxe3 48. Bxe3 Bd5+ 49. Kf2 Ra3 50. Bb6 Ra2+ 51. Ke3 Rxg2 52. Rd2 Rg1 53. Kd4 Rf1
54. Ke5 Kf7 55. Rc2 Re1+ 56. Kd6 Re4 57. Rf2 Bc4 58. Rf3 Kg6 59. Rg3+ Kf6 60.
Bd8+ Kf7 61. Rf3 Rd4+ 62. Kc7 Bd5 63. Rf2 Rd3 64. f5 e5 65. f6 Bf3 66. fxg7 Kxg7
67. Kb6 Rxd8 68. Rxf3 Rd6+ 69. Kc5 Rd4 70. Rb3 Rd7 71. Kc4 e4 72. Re3 Rc7+ 73.
Kd4 Rb7 74. Rxe4 Rb4+ 75. Ke3 Rb5 76. Re7+ Kg8 77. Ra7 Rxa5 78. Kf3 Ra2 79. h4
h6 80. Kg4 Ra5 81. Kf4 Kh8 82. Kg4 Kg8 83. Kf4 h5 84. Rb7 Rb5 85. Ra7 a5 86. Kf3
Kf8 87. Ke3 Ke8 88. Kd3 Kd8 89. Kc4 Rf5 90. Kd3 Kc8 91. Rh7 Kb8 92. Kc3 Rb5 93.
Kd3 a4 94. Kc4 Rf5 95. Kb4 Rf4+ 96. Ka3 Rxh4 97. Rg7 Rf4 98. Rh7 h4 99. Rg7 Kc8
100. Rh7 Kd8 101. Rg7 Ke8 102. Rb7 Kf8 103. Rc7 Kg8 104. Rc3 Kg7 105. Rc6 h3
106. Rc7+ Kg6 107. Rc8 Rh4 0-1

[Event "European Blitz 2016"]
[Site "Tallinn EST"]
[Date "2016.12.18"]
[Round "26.1"]
[White "Zhigalko, Sergei"]
[Black "Andreikin, Dmitry"]
[Result "1/2-1/2"]
[WhiteTitle "GM"]
[BlackTitle "GM"]
[WhiteElo "2671"]
[BlackElo "2737"]
[WhiteFideId "13502956"]
[BlackFideId "4158814"]
[EventDate "2016.12.17"]

1. e4 e5 2. Nf3 Nc6 3. Bc4 Bc5 4. O-O Nf6 5. d3 O-O 6. Nbd2 d6 7. c3 Bb6 8. Bb3
Ne7 9. Nc4 Be6 10. Re1 h6 11. a3 Ng6 12. Bc2 Bg4 13. h3 Bh5 14. Be3 Nh4 15. Ncd2
Nh7 16. g4 Bg6 17. Nxh4 Qxh4 18. Kg2 Ng5 19. Rh1 f5 20. exf5 1/2-1/2

[Event "European Blitz 2016"]
[Site "Tallinn EST"]
[Date "2016.12.18"]
[Round "26.2"]
[White "Matlakov, Maxim"]
[Black "Mamedov, Rauf"]
[Result "1-0"]
[WhiteTitle "GM"]
[BlackTitle "GM"]
[WhiteElo "2694"]
[BlackElo "2688"]
[WhiteFideId "4168003"]
[BlackFideId "13401653"]
[EventDate "2016.12.17"]

1. d4 g6 2. e4 Bg7 3. Nc3 a6 4. a4 d6 5. Nf3 Nf6 6. Be2 O-O 7. O-O Nc6 8. h3 e5
9. d5 Ne7 10. a5 Nh5 11. Re1 h6 12. Bf1 Nf4 13. Ra3 g5 14. Ne2 Neg6 15. Ng3 Ne7
16. c4 f5 17. b4 fxe4 18. Nxe4 Neg6 19. Nh2 Bf5 20. Ng3 Bd7 21. Be3 Qf6 22. c5
Qf7 23. Rc3 Nxd5 24. Bc4 Be6 25. Bxd5 Bxd5 26. cxd6 cxd6 27. Rd3 Bc6 28. Rxd6
Nh4 29. f3 Rac8 30. Bc5 Qf4 31. Nh5 Qf7 32. Nxg7 Qxg7 33. Ng4 Nxg2 34. Qb3+ Kh7
35. Rxc6 Nxe1 36. Rxh6+ Qxh6 37. Nxh6 Nxf3+ 38. Kh1 Kxh6 39. Qe6+ Kh5 40. Bxf8
Rxf8 41. Qg4+ Kh6 42. Qd7 Nh4 43. Qd6+ Kg7 44. Qxe5+ Kg6 45. Qe4+ Kh6 46. Qxb7
Rf1+ 47. Kh2 Rf2+ 48. Kg1 Rf4 49. Qxa6+ Kh5 50. Qe2+ Kg6 51. a6 Nf3+ 52. Kh1 Nd4
53. Qd3+ Nf5 54. a7 1-0

[Event "European Blitz 2016"]
[Site "Tallinn EST"]
[Date "2016.12.18"]
[Round "26.3"]
[White "Navara, David"]
[Black "Vallejo Pons, Francisco"]
[Result "1-0"]
[WhiteTitle "GM"]
[BlackTitle "GM"]
[WhiteElo "2725"]
[BlackElo "2711"]
[WhiteFideId "309095"]
[BlackFideId "2205530"]
[EventDate "2016.12.17"]

1. e4 e5 2. Nf3 Nc6 3. Bb5 Nf6 4. d3 Bc5 5. c3 O-O 6. O-O d6 7. Bg5 h6 8. Bh4 a6
9. Bxc6 bxc6 10. d4 exd4 11. cxd4 Bb6 12. Qc1 g5 13. Nxg5 hxg5 14. Qxg5+ Kh7 15.
Rd1 Rg8 16. Qxf6 Qxf6 17. Bxf6 Bg4 18. Rd3 Be2 19. Re3 Bc4 20. Nd2 Be6 21. Nf3
Rg6 22. Bh4 Rag8 23. Bg3 a5 24. h3 a4 25. Kh2 c5 26. d5 Bd7 27. Nd2 f5 28. exf5
Bxf5 29. Re7+ Kh6 30. Bf4+ Rg5 1-0